00795nam a22002055i 4500001000700000003000900007005001700016008004100033040002000074100002500094245005500119260004400174300002200218490004300240594004400283830005100327852006600378999001900444952012600463161577ES-MaACL20230906212321.0041021s1873 gw |||| | eng d aCAM bspa cCAM1 aPayn, James.913091710aMurphy's master / cby the author of "Found dead". aLeipzig : bBernhard Tauchnitz, c1873. a286 p. ; c16 cm.1 aCollection of british authors ; v1312 aEl autor de "Found dead" es James Payn.0 aCollection of british authors ; v13129180703 aES-MaACLjG-13082 z-- Enc. hol. conservando la cub. original c161577d161577 001040708LIBXIXaATENEOMbATENEOMcSPP3d2008-01-17eSSCl0oG-13082p1169249r2023-02-23 00:00:00w2023-02-23yMONANT